Sud-exprés (Registro nro. 161390)

Detalles MARC
000 -LEADER
campo de control de longitud fija 00685nam a2200193 i 4500
001 - NÚMERO DE CONTROL
campo de control 161390
003 - IDENTIFICADOR DE NÚMERO DE CONTROL
campo de control ES-MaACL
005 - FECHA Y HORA DE LA ÚLTIMA TRANSACCIÓN
campo de control 20250303062547.0
008 - DATOS DE LONGITUD FIJA--INFORMACIÓN GENERAL
campo de control de longitud fija 961110q1909 sp |||| | spa d
100 1# - ENTRADA PRINCIPAL--NOMBRE DE PERSONA
Nombre de persona Pardo Bazán, Emilia,
Títulos y otros términos asociados al nombre Condesa de,
Fechas asociadas al nombre 1851-1921
9 (RLIN) 176434
245 10 - MENCIÓN DEL TÍTULO
Título Sud-exprés
Resto del título : (cuentos actuales) /
Mención de responsabilidad, etc. Emilia Pardo Bazan, Condesa de Pardo Bazan.
260 ## - PUBLICACIÓN, DISTRIBUCIÓN, ETC.
Lugar de publicación, distribución, etc. Madrid :
Nombre del editor, distribuidor, etc. Administración calle de San Bernardo, 37,
Fecha de publicación, distribución, etc. [1909?] (
Fabricante R. Velasco)
300 ## - DESCRIPCIÓN FÍSICA
Extensión 276 p. ;
Dimensiones 19 cm.
490 1# - MENCIÓN DE SERIE
Mención de serie Obras completas ;
Designación de volumen o secuencia 36
830 0# - PUNTO DE ACCESO ADICIONAL DE SERIE-TÍTULO UNIFORME
Título uniforme Obras completas ;
Designación de volumen o secuencia 36
9 (RLIN) 176447
852 ## - LOCALIZACIÓN
Ubicación ES-MaACL
Número de control de estantería B-4110
Nota libre - Enc. hol., conservando cub. original
942 ## - ELEMENTOS DE ENTRADA SECUNDARIOS (KOHA)
Fuente del sistema de clasificación o colocación Clasificación decimal universal
Existencias
Estatus retirado Estado de pérdida Estado de daño No para préstamo Biblioteca de origen Biblioteca actual Ubicación en estantería Fecha de adquisición Fuente de adquisición Total de préstamos Signatura topográfica completa Código de barras Visto por última vez Precio de reemplazo Tipo de ítem Koha
        Biblioteca del Ateneo de Madrid Biblioteca del Ateneo de Madrid Sala Pardo Bazán 17/01/2008     B-4110 1169053 23/02/2023 23/02/2023 Libro impreso